000 00513nam a2200217Ia 4500
003 OSt
005 20221005115311.0
006 a|||||r|||| 00| 0
007 ta
008 221004b |||||||| |||| 00| 0 guj d
024 _a40798
037 _cTextual
040 _aCRL
_cCRL
_bguj
041 _2guj
_aguj
082 _aO156,3:g, H4
245 0 _aCatalogue Vivachan
260 _c1944
650 _aGUJRATI LITERATURE
942 _hO156,3:g, H4
_cTEXL
_2cc
999 _c1034048
_d1034048